[Event "FRA-ch Accession"]
[Site "Chambery"]
[Date "1994.??.??"]
[Round "10"]
[White "Desbonnes, Samy"]
[Black "Petit, Eric"]
[Result "1-0"]
[WhiteElo "2215"]
[BlackElo "2280"]
[PlyCount "59"]
[EventDate "1994.??.??"]
[EventType "swiss"]
[EventRounds "11"]
[EventCountry "FRA"]
[SourceTitle "EXT 2004"]
[Source "ChessBase"]
[SourceDate "2003.11.25"]
[SourceVersion "1"]
[SourceVersionDate "2003.11.25"]
[SourceQuality "1"]

1. e4 Nf6 2. e5 Nd5 3. d4 d6 4. c4 Nb6 5. exd6 cxd6 6. Nc3 g6 7. Bd3 Bg7 8. Nge2 0-0 9. 0-0 Nc6 10. d5 Ne5 11. b3 Nxd3 12. Qxd3 Nd7 13. Be3 a6 14. Rac1 b5 15. cxb5 axb5 16. Nxb5 Rxa2 17. Ned4 Ne5 18. Qb1 Ra5 19. Nc3 Bb7 20. b4 Ra3 21. Ncb5 Rxe3 22. fxe3 Bxd5 23. Rfd1 Bh6 24. Rc3 Qb6 25. Qc2 Ng4 26. Qe2 Nxe3 27. Rxe3 Bxe3+ 28. Qxe3 Bc4 29. Na3 Qxb4 30. Nc6 1-0

[Event "FRA-chT1 9495"]
[Site "Montpellier"]
[Date "1994.??.??"]
[Round "?"]
[White "Mancini, Mario"]
[Black "Desbonnes, Samy"]
[Result "0-1"]
[WhiteElo "2305"]
[BlackElo "2210"]
[PlyCount "156"]
[EventDate "1994.04.??"]
[EventType "team-tourn"]
[EventRounds "16"]
[EventCountry "FRA"]
[SourceTitle "EXT 2015"]
[Source "ChessBase"]
[SourceDate "2014.11.20"]
[SourceVersion "1"]
[SourceVersionDate "2014.11.20"]
[SourceQuality "1"]
[WhiteTeam "Lille"]
[BlackTeam "Gonfreville"]
[WhiteTeamCountry "FRA"]
[BlackTeamCountry "FRA"]

1. d4 Nf6 2. c4 g6 3. Nc3 Bg7 4. g3 0-0 5. Bg2 d6 6. Nf3 Nc6 7. d5 Na5 8. Qa4 c5 9. dxc6 Nxc6 10. 0-0 Nd7 11. Qc2 Nb6 12. Nd5 Bf5 13. e4 Bg4 14. Nxb6 Qxb6 15. Be3 Qxb2 16. Qxb2 Bxb2 17. Rab1 Bxf3 18. Bxf3 Bd4 19. Bh6 Rfb8 20. Kg2 Ne5 21. Be2 Bb6 22. f4 Nc6 23. e5 Rd8 24. Bf3 dxe5 25. fxe5 Nxe5 26. Bxb7 Rab8 27. Ba6 Bd4 28. Bf4 Rb6 29. Rxb6 axb6 30. Rd1 Nc6 31. Bb5 Bc5 32. Rxd8+ Nxd8 33. Bd7 Nb7 34. Kf3 Na5 35. Bb5 f6 36. Ke4 e6 37. g4 g5 38. Bc7 Kf7 39. h3 Ke7 40. Bg3 Nb7 41. Bc7 Bg1 42. Kf3 f5 43. Bc6 Na5 44. Bb5 Bd4 45. Kg3 Nb7 46. Bc6 Nd6 47. Bxd6+ Kxd6 48. Bb5 f4+ 49. Kf3 Kc5 50. Bd7 e5 51. Be6 Be3 52. Ke4 Bd4 53. Bf7 h6 54. Be6 Kd6 55. Bc8 Kc5 56. Be6 Kb4 57. Bd5 Kc3 58. Bc6 Kxc4 59. a4 Kc3 60. Kf3 Kd2 61. Be4 Ke1 62. Bd3 Be3 63. Bc4 e4+ 64. Kxe4 Kf2 65. Bb3 Kg2 66. Bd1 Kxh3 67. Be2 Bc1 68. Bd1 Kg3 69. Be2 Bb2 70. Bd1 Bg7 71. Be2 h5 72. gxh5 g4 73. Bc4 f3 74. Kf5 Kh4 75. Bd5 Kxh5 76. Kf4 Kh4 77. Ke3 Kg3 78. Kd2 Kf2 0-1

[Event "FRA"]
[Site "France"]
[Date "1993.??.??"]
[Round "?"]
[White "Bex, Pierre Alain"]
[Black "Desbonnes, Samy"]
[Result "0-1"]
[WhiteElo "2235"]
[BlackElo "2280"]
[PlyCount "62"]
[EventDate "1993.??.??"]
[EventType "team"]
[EventRounds "11"]
[EventCountry "FRA"]
[SourceTitle "TD"]
[Source "ChessBase"]
[SourceDate "1994.03.01"]
[SourceVersion "1"]
[SourceVersionDate "1994.03.01"]
[SourceQuality "1"]

1. e4 c5 2. Nf3 d6 3. d4 cxd4 4. Nxd4 Nf6 5. Nc3 g6 6. Be3 Bg7 7. Be2 0-0 8. Nb3 Nc6 9. 0-0 Be6 10. f4 Na5 11. f5 Bc4 12. e5 Ne8 13. exd6 Nxd6 14. f6 Bxe2 15. Nxe2 Bxf6 16. Rxf6 exf6 17. Nxa5 Re8 18. Qd2 Nf5 19. Bd4 Rxe2 20. Qxe2 Qxd4+ 21. Qf2 Qxb2 22. Rd1 b6 23. Nc4 Qxa2 24. Qf3 Rc8 25. g4 Qxc4 26. gxf5 Qxc2 27. fxg6 hxg6 28. Re1 Qc5+ 29. Kf1 Qc6 30. Qb3 Qh1+ 31. Ke2 Re8+ 0-1